Journal of Quantitative Methods : (Record no. 534441)
[ view plain ]
| 000 -LEADER | |
|---|---|
| fixed length control field | 00543nam a22001457a 4500 |
| 022 ## - INTERNATIONAL STANDARD SERIAL NUMBER | |
| International Standard Serial Number | 2522-2252 E-2522-2260 |
| 082 ## - DEWEY DECIMAL CLASSIFICATION NUMBER | |
| Classification number | Vol- |
| 100 ## - MAIN ENTRY--PERSONAL NAME | |
| Personal name | JQM |
| 245 ## - TITLE STATEMENT | |
| Title | Journal of Quantitative Methods : |
| Remainder of title | A step forward in data driven innovations / |
| Statement of responsibility, etc | Department of Quantitative Methods, School of Business and Economics. |
| 260 ## - PUBLICATION, DISTRIBUTION, ETC. (IMPRINT) | |
| Place of publication, distribution, etc | Lahore : |
| Name of publisher, distributor, etc | University of Management and Technology, |
| 300 ## - PHYSICAL DESCRIPTION | |
| Dimensions | 24 cm. |
| 500 ## - GENERAL NOTE | |
| General note | Bi-annual Journal |
| 650 ## - SUBJECT ADDED ENTRY--TOPICAL TERM | |
| Topical term or geographic name as entry element | Quantitative Methods - Journals, Business and Economics - Journals. |
| 942 ## - ADDED ENTRY ELEMENTS (KOHA) | |
| Koha item type | Continuing Resources |
| Damaged status | Not for loan | Permanent Location | Current Location | Date acquired | Full call number | Barcode | Koha item type |
|---|---|---|---|---|---|---|---|
| Central Library (CL) | Central Library (CL) | 02/22/2020 | Vol-3, No-1 Feb 2019 | S-9027 | Continuing Resources | ||
| Central Library (CL) | Central Library (CL) | 02/22/2020 | Vol-3, No-2 Aug 2019 | S-96006 | Continuing Resources | ||
| Central Library (CL) | Central Library (CL) | 02/28/2020 | Vol-1, No-1 Feb 2017 | S-96080 | Continuing Resources |
